De los convenios de Correos y de la correspondencia internacional / (Record no. 160585)

MARC details
000 -LEADER
campo de control de longitud fija 01108nam a2200253 i 4500
001 - NÚMERO DE CONTROL
campo de control 160585
003 - IDENTIFICADOR DE NÚMERO DE CONTROL
campo de control ES-MaACL
005 - FECHA Y HORA DE LA ÚLTIMA TRANSACCIÓN
campo de control 20250718063333.0
008 - DATOS DE LONGITUD FIJA--INFORMACIÓN GENERAL
campo de control de longitud fija 980915s1873 sp ||||1| spa d
040 ## - FUENTE DE CATALOGACIÓN
Centro catalogador/agencia de origen M-MPT
Lengua de catalogación spa
Centro/agencia transcriptor M-MPT
080 ## - NÚMERO DE LA CLASIFICACIÓN DECIMAL UNIVERSAL
Número de la Clasificación Decimal Universal 51.816(100)
100 1# - ENTRADA PRINCIPAL--NOMBRE DE PERSONA
Nombre de persona Navasqüés, Emilio C. de
Término indicativo de función/relación Autor
9 (RLIN) 130422
245 10 - MENCIÓN DEL TÍTULO
Título De los convenios de Correos y de la correspondencia internacional /
Mención de responsabilidad, etc. por Emilio C. de Navasqüés.
260 ## - PUBLICACIÓN, DISTRIBUCIÓN, ETC.
Lugar de publicación, distribución, etc. Madrid :
Nombre del editor, distribuidor, etc. [s.n],
Fecha de publicación, distribución, etc. 1873
Fabricante (Imp. de Manuel G. Hernández)
300 ## - DESCRIPCIÓN FÍSICA
Extensión 82 páginas ;
Dimensiones 22 cm.
530 ## - NOTA DISPONIBLE DE FORMULARIO FÍSICO ADICIONAL
Nota de formato físico adicional disponible Disponible en formato digital
650 #4 - PUNTO DE ACCESO ADICIONAL DE MATERIA--TÉRMINO DE MATERIA
Término de materia o nombre geográfico como elemento de entrada Correos-
Subdivisión geográfica España-
Subdivisión cronológica S.XIX
9 (RLIN) 167498
650 #0 - PUNTO DE ACCESO ADICIONAL DE MATERIA--TÉRMINO DE MATERIA
Término de materia o nombre geográfico como elemento de entrada Correos-
Subdivisión general Derecho y legislación
9 (RLIN) 241310
852 ## - LOCALIZACIÓN
Ubicación ES-MaACL
Ubicación en estantería Depósito folletos
Partes que faltan Ejemplar falto de cub. original
Anotaciones manuscritas An. ms.: Regalo de Antonio Escobar, 1878
Donativo/Legado Donativo de Antonio Escobar Laredo
Número de control de estantería T-271-F-9
Encuadernación Enc. en un vol. facticio
-- Holandesa
856 ## - LOCALIZACIÓN Y ACCESO ELECTRÓNICOS
Identificador Uniforme de Recursos <a href="https://bdh-rd.bne.es/viewer.vm?id=0000048562&page=1">https://bdh-rd.bne.es/viewer.vm?id=0000048562&page=1</a>
Texto de enlace Versión en línea
Nota pública (Biblioteca Digital Hispánica)
942 ## - ELEMENTOS DE ENTRADA SECUNDARIOS (KOHA)
Fuente del sistema de clasificación o colocación Clasificación decimal universal
Tipo de ítem Koha Folleto
Suprimir en OPAC No
Holdings
Estatus retirado Estado de pérdida Fuente del sistema de clasificación o colocación Estado de daño No para préstamo Colección Biblioteca de origen Biblioteca actual Ubicación en estantería Fecha de adquisición Fuente de adquisición Total de préstamos Signatura topográfica completa Código de barras Visto por última vez Tipo de ítem Koha
    Clasificación decimal universal     Colección de folletos Biblioteca del Ateneo de Madrid Biblioteca del Ateneo de Madrid Depósito folletos 17/01/2008 Donación   T-271-F-9 1168145 23/02/2023 Folleto